| 000 | 00685nam a2200217 a 4500 | ||
|---|---|---|---|
| 005 | 20240803063724.0 | ||
| 008 | 991125s1988 es 000 0 spa u | ||
| 020 | _a8439714416 | ||
| 035 | _aUPN01000045302 | ||
| 049 | _aCG | ||
| 050 | 4 |
_aPQ6623 A3 _bM3.6 |
|
| 100 | 1 |
_aMachado, Antonio, _d1875-1939 |
|
| 245 | 1 | 0 |
_aPoesía palabra en el tiempo / _cAntonio Machado ; selec. y pról. Carmen Bravo-Villasante. |
| 260 |
_aMadrid : _bMontena, _c1988. |
||
| 300 | _a107 p. | ||
| 440 | 3 |
_aEl carnaval de las letras ; _v10 |
|
| 600 | 1 | 4 |
_aMACHADO, ANTONIO, _d1875-1939 |
| 650 | 4 |
_aPoesía española _91237 |
|
| 700 | 1 |
_aBravo-Villasante, Carmen, _d1918-1994 _ecomp. _930662 |
|
| 905 | _aLibro | ||
| 999 |
_c45302 _d45302 |
||